000 00248nam a2200085Ia 4500
245 0 _aAdult development and ageing
100 _a Louw, Dap [Bloemfontein, South Africa], 2009
_976765
942 _cBK
008 210817s9999 xx 000 0 und d
999 _c260353
_d260352